Sổ tay kiến thức địa lí trung học phổ thông

Sách gồm những kiến thức địa lí cơ bản của các lớp 10, 11, 12. Những kiến thức này được chọn lọc từ các bài học trong sách giáo khoa địa lí trình học phổ thông.

Na minha lista:
Detalhes bibliográficos
Autor principal: Lê, Thông
Formato: Livro
Idioma:Undetermined
Publicado em: Hà Nội Giáo dục 2009
Assuntos:
Tags: Adicionar Tag
Sem tags, seja o primeiro a adicionar uma tag!
Thư viện lưu trữ: Trung tâm Học liệu Trường Đại học Cần Thơ
LEADER 00893nam a2200217Ia 4500
001 CTU_182647
008 210402s9999 xx 000 0 und d
020 |c 27000 
082 |a 910.712 
082 |b Th455 
100 |a Lê, Thông 
245 0 |a Sổ tay kiến thức địa lí trung học phổ thông 
245 0 |c Lê Thông chủ biên 
260 |a Hà Nội 
260 |b Giáo dục 
260 |c 2009 
520 |a Sách gồm những kiến thức địa lí cơ bản của các lớp 10, 11, 12. Những kiến thức này được chọn lọc từ các bài học trong sách giáo khoa địa lí trình học phổ thông. 
650 |a Geography,Địa lý 
650 |x Study and teaching (Secondary),Dạy và học (trung học) 
904 |i Hải 
980 |a Trung tâm Học liệu Trường Đại học Cần Thơ